Walden dos (Registro nro. 10789)

000 -CABECERA
Campo de control de longitud fija 01635nam a22002897a 4500
003 - IDENTIFICADOR DEL NÚMERO DE CONTROL
Campo de control OSt
005 - FECHA Y HORA DE LA ÚLTIMA TRANSACCIÓN
Campo de control 20260327145155.0
008 - CÓDIGOS DE INFORMACIÓN DE LONGITUD FIJA
Campo de control de longitud fija 260326t1985 xxu||||| |||| 00| 0 spa d
020 ## - NÚMERO INTERNACIONAL NORMALIZADO PARA LIBROS (ISBN)
Número Internacional Normalizado para Libros (ISBN) 8476342845
040 ## - FUENTE DE LA CATALOGACIÓN
Centro catalogador de origen Unicoc
Lengua de catalogación spa
Centro que cataloga Bogotá (Dr. David Ordóñez Rueda) - Campus Norte
Centro modificador Bogotá (Dr. David Ordóñez Rueda) - Campus Norte
082 ## - NÚMERO DE LA CLASIFICACIÓN DECIMAL DEWEY
Número de clasificación 813.54
100 ## - PUNTO DE ACCESO PRINCIPAL - NOMBRE DE PERSONA
9 (RLIN) 12755
Nombre de persona Skinner, Burrhus Frederic
245 ## - MENCIÓN DE TÍTULO
Título Walden dos
Mención de responsabilidad etc. / Burrhus Frederic Skinner
250 ## - MENCIÓN DE EDICIÓN
Mención de edición 1 Ed.
260 ## - PUBLICATION, DISTRIBUTION, ETC. (IMPRINT)
Lugar de publicación distribución etc. Argentina :
Nombre del editor distribuidor etc. Orbis ,
Fecha de publicación distribución etc. 1985
300 ## - DESCRIPCIÓN FÍSICA
Extensión 267 páginas
440 ## - MENCIÓN DE SERIE
9 (RLIN) 12807
Título Pensamiento
Número de la parte/sección de una obra 20
520 ## - NOTA DE SUMARIO; ETC.
Sumario etc. Walden dos es una novela utópica publicada en 1948 en la que B. F. Skinner presenta, a través de un relato ficticio, una comunidad experimental organizada según los principios del conductismo radical y el condicionamiento operante. La historia sigue a un grupo de visitantes —entre ellos un psicólogo y antiguos compañeros de universidad— que llega a Walden Dos, una comunidad autosuficiente fundada y dirigida por Frazier, su principal ideólogo. A lo largo de la novela, Frazier explica cómo la comunidad ha sido diseñada científicamente para producir bienestar, cooperación y estabilidad social, eliminando muchos de los problemas tradicionales de la sociedad.
526 ## - NOTA DE INFORMACIÓN SOBRE EL PROGRAMA DE ESTUDIO
Institución que aplica el campo Unicoc
546 ## - NOTA DE LENGUA
Nota de lengua Español
650 #0 - PUNTO DE ACCESO ADICIONAL DE MATERIA - TÉRMINO DE MATERIA
9 (RLIN) 5806
Término de materia o nombre geográfico como elemento inicial Novela estadounidense
650 #0 - PUNTO DE ACCESO ADICIONAL DE MATERIA - TÉRMINO DE MATERIA
9 (RLIN) 5805
Término de materia o nombre geográfico como elemento inicial Literatura estadounidense
650 #0 - PUNTO DE ACCESO ADICIONAL DE MATERIA - TÉRMINO DE MATERIA
9 (RLIN) 4928
Término de materia o nombre geográfico como elemento inicial Democracia
Subdivisión de forma Novela
658 #0 - TÉRMINO DE INDIZACIÓN - OBJETIVO CURRICULAR
9 (RLIN) 10741
Programa Académico Programa de Psicología
856 ## - LOCALIZACIÓN Y ACCESO ELECTRÓNICOS
Identificador Uniforme del Recurso (URI) https://unicoceduco-my.sharepoint.com/:b:/g/personal/direccionbiblioteca_unicoc_edu_co/IQB7FfXB0idWRbQ1pJgS14MzAfwlg1ZbxBofg0-0QjbEvqQ
Texto del enlace Acceso online exclusivo para comunidad Unicoc.
942 ## - ENTRADA PARA ELEMENTOS AGREGADOS (KOHA)
Fuente de clasificación o esquema de ordenación en estanterías
Koha [por defecto] tipo de item Literatura
Existencias
Código de barras Fecha del precio de reemplazo Código de colección Estado de pérdida Signatura completa Fecha de adquisición No para préstamo Fecha última consulta Fuente de clasificación o esquema de ordenación en estanterías Estropeado Fuente de adquisición Precio Tipo de item de Koha Localización permanente Localización actual
Ebook107892026-03-26Coleccion Online 813.542026-03-26 2026-03-26  Compra200000.00LiteraturaBogotá (Dr. David Ordóñez Rueda) - Campus NorteBogotá (Dr. David Ordóñez Rueda) - Campus Norte

© 2014 UNICOC | Institución Universitaria Colegios de Colombia - UNICOC
Bogotá D.C. Autopista Norte Km. 20. Teléfono:(571)6683535
Cali: Calle 13 Norte No. 3N-13. Teléfono: (572)6608887

Con tecnología de Koha